000 00647nam a2200229Ia 4500
003 OSt
005 20220918202539.0
006 a|||||r|||| 00| 0
007 ta
008 220917b |||||||| |||| 00| 0 eng d
024 _a102,033
037 _cTextual
040 _aARTS
_cARTS
_beng
041 _2eng
_aeng
082 _aV222.M5<-D, M5;1
100 _aMenon P Shungoonny
_9104277
245 0 _aHistory of Travancore from the earliest times
260 _aNew Delh
_bAsian Educational Services India
_c1985
650 _aHISTORY
942 _hV222.M5<-D, M5;1
_cTEXL
_2CC
999 _c225493
_d225493